000 00401nam a2200169Ia 4500
008 131103s9999 xx 000 0 und d
020 _a356055949
040 _aLoreto College
041 _aEnglish
082 _aREF
_bLCBED/5610
245 4 _aThe superbook of ships
260 _aLondon
_bMacdonald
_c1977
300 _a32p.
_b pic.
_c 24cm.
650 _aREF
850 _aLCBED/REF
942 _cBK
999 _c33777
_d84256